Statistics for Elements that Aren't Found in Nature

Click here to take the quiz!

General Stats

  • This quiz has been taken 13 times
  • The average score is 17 of 33

Answer Stats

Chemical SymbolAtomic #Answer% Correct
Fr87*Francium
80%
Es99Einsteinium
70%
Np93*Neptunium
70%
Pu94*Plutonium
70%
Po84*Polonium
70%
Rf104Rutherfordium
70%
Am95Americium
60%
Bk97Berkelium
60%
Cf98Californium
60%
Fm100Fermium
60%
No102Nobelium
60%
Sg106Seaborgium
60%
At85*Astatine
50%
Cm96Curium
50%
Db105Dubnium
50%
Fl114Flerovium
50%
Md101Mendelevium
50%
Nh113Nihonium
50%
Og118Oganesson
50%
Tc43*Technetium
50%
Ts117Tennessine
50%
Ac89*Actinium
40%
Bh107Bohrium
40%
Ds110Darmstadtium
40%
Hs108Hassium
40%
Lr103Lawrencium
40%
Lv116Livermorium
40%
Mc115Moscovium
40%
Cn112Copernicium
30%
Mt109Meitnerium
30%
Pm61*Promethium
30%
Rg111Roentgenium
30%
Pa91*Protactinium
10%

Score Distribution

Percentile by Number Answered

Percent of People with Each Score

Your Score History

You have not taken this quiz